Jaraguá /
Guardado en:
| 主要作者: | |
|---|---|
| 格式: | 未知 |
| 語言: | Spanish |
| 出版: |
San Salvador, El Salvador :
UCA Editores,
2004,
|
| 版: | 12 edición |
| 主題: | |
| 標簽: |
添加標簽
沒有標簽, 成為第一個標記此記錄!
|
MARC
| LEADER | 000000000a22000000004500 | ||
|---|---|---|---|
| 001 | 012395 | ||
| 008 | 191108b xxu||||| |||| 00| 0 spa d | ||
| 020 | |a 848405084x | ||
| 041 | 0 | |a spa | |
| 082 | 0 | 4 | |a ES863.4 |b R696j4 |
| 100 | 1 | |a Rodríguez Ruiz, Napoleón | |
| 245 | 1 | 0 | |a Jaraguá / |c Napoleón Rodríguez Ruiz. |
| 250 | |a 12 edición | ||
| 260 | 1 | |a San Salvador, El Salvador : |b UCA Editores, |c 2004, | |
| 300 | |a 419 páginas | ||
| 500 | |a Material disponible en BCMA | ||
| 500 | |a Colección George Yúdice | ||
| 650 | 4 | |a LITERATURA SALVADOREÑA |9 33 | |
| 650 | 4 | |a NOVELA | |
| 942 | |c BK |2 ddc | ||
| 999 | |c 18366 |d 18366 | ||



